|
|
|
|
| LEADER |
00847cam a2200229 7i4500 |
| 001 |
0000002274 |
| 005 |
20170320090000.0 |
| 020 |
|
|
|a 0761971432 (pbk.)
|
| 090 |
0 |
0 |
|a H62
|b .H43 2004
|
| 100 |
1 |
|
|a Heaton, Janet
|
| 245 |
1 |
0 |
|a Reworking qualitative data
|c Janet Heaton.
|
| 260 |
|
|
|a London:
|b SAGE,
|c 2004.
|
| 300 |
|
|
|a x, 160 p.;
|c 24 cm.
|
| 504 |
|
|
|a Includes bibliographical references and index
|
| 650 |
0 |
0 |
|a Statistics --
|x Methodology
|
| 650 |
0 |
0 |
|a Social sciences --
|x Research --
|x Statistical methods
|
| 650 |
0 |
0 |
|a Medical sciences --
|x Research --
|x Statistical methods
|
| 650 |
0 |
0 |
|a Qualitative research
|
| 997 |
|
|
|a Business & Accountancy, Faculty
|
| 997 |
|
|
|a Education & Social Sciences, Faculty
|b Social Sciences, Department
|
| 998 |
|
|
|a Industrial Psychology, Degree
|
| 999 |
|
|
|a 0000010954
|b BOK
|c OPEN SHELF
|e 1st Floor, Bestari Jaya
|